Quiz Football : Devine les joueurs - Partie difficile 5 - Statistiques

Statistiques générales
  • Ce quiz a été pris 165 fois
  • Le résultat moyen est 6 sur 16
Statistiques - réponses
Par images Réponse % Correct
Marouane Fellaini
93%
Kolasinac
78%
Kostas Manolas
76%
Benjamin Stambouli
68%
Nacho Monreal
50%
Rodrigo Palacio
44%
Alou Diarra
37%
Henri Bedimo
35%
Billy Ketkeophomphone
27%
Valentin Eysseric
22%
Jefferson Farfán
19%
Leander Dendoncker
15%
Emmanuel Dennis
9%
Kelvin
7%
Lenny Nangis
4%
Gabriel Barbosa, Gabigol
1%
Aucun quiz correspondant
Distribution des résultats
% des personnes avec chaque résultat
Percentile par nombre de réponses
Votre historique - résultats
Vous n’avez pas pris ce quiz